Poslanie socialistickej výchovy a vzdelávanie

Bibliographic Details
Main Author: Majský, Jozef (Author)
Format: Article
Language:Slovak
PhysicalDescription:Obr. 1.
Subjects:

MARC

LEADER 00000nab a2200000 a 4500
001 vtls000113441
003 SK-MaSNL
005 20260303023825.0
008 140402c1982 xo 0 slo
015 |a SNBRB19rr/mm-uuuuu 
035 |a CL0123544 
040 |a SNKBUCL  |b slo  |c SNKBUCL  |e AACR2 
041 0 |a slo 
044 |a xo  |c SK 
080 |a 371  |2 1981 
100 1 |a Majský, Jozef  |4 aut  |9 923300 
245 1 0 |a Poslanie socialistickej výchovy a vzdelávanie  |c Jozef Majský 
300 |b Obr. 1. 
650 0 7 |a učitelia  |2 snkbucl  |9 3995 
650 0 7 |a Deň učiteľov  |2 snkbucl  |9 921347 
655 7 |a články z novín a časopisov  |2 snkbucl  |9 267496 
773 0 |t Bojovník  |g Roč. 27, č. 12 (1982), s. 5 
850 |a Slovenská národná knižnica v Martine  |a MTA001 
852 |a SNK  |b KIS3GCP 
958 |a RK 
992 |a RBX 
999 |c 1636634  |d 1638564